000 00460cam a2200181ua 4500
020 _a81-224-0266-6
_cRs 75.00
041 _aeng
_h
082 _a620.21
_bSEN/AC
100 _aSen, S N .
245 _aAcoustics: Waves and oscillations /
_cS N Sen.
_hTextual Documents
250 _a1 /
_b.
260 _aNew Delhi :
_bWiley Eastern Ltd ,
_c1990.
300 _a233 ; .
365 _aRs 75.00
504 _a
942 _cBK
999 _c2051
_d2051